Ισότητα των δύο φύλων στις εργασιακές σχέσεις

Αποθηκεύτηκε σε:
Λεπτομέρειες βιβλιογραφικής εγγραφής
Κύριος συγγραφέας: Δουλκέρη, Τέσσα
Μορφή: Βιβλίο
Γλώσσα:Greek
Δημοσίευση: Αθήνα : Παπαζήσης, 1994
Έκδοση:3η έκδ.
Θέματα:
Ετικέτες: Προσθήκη ετικέτας
Δεν υπάρχουν, Καταχωρήστε ετικέτα πρώτοι!

MARC

LEADER 00000nam a2200000 i 4500
001 1/63152
008 960606s1994 gre d
020 |a 960-02-0824-7 
035 |l 10029202 
040 |a GR-MY-UA  |b gre  |e aacr 
041 0 |a gre 
082 0 |a 331.4133 
100 1 |a Δουλκέρη, Τέσσα. 
245 1 0 |a Ισότητα των δύο φύλων στις εργασιακές σχέσεις /  |c Τέσσα Δουλκέρη 
250 |a 3η έκδ. 
260 |a Αθήνα :   |b Παπαζήσης,   |c 1994 
300 |a 258 σ. 
650 0 0 |a Labor relations  |z Greece. 
650 0 0 |a Women  |x Employment  |z Greece. 
650 0 0 |a Equality  |z Greece. 
852 |a INST  |b CHIOS  |e 19960606  |h 331.4133 ΔΟΥ  |p 005200003616  |q 005200003616  |t BK  |y 0 
909 |a Χ  |b 036835